000 00685nam a2200229Ia 4500
003 GCL
008 140319s9999 xx 000 0 ara d
040 _aGCL /
_cGCL
082 0 4 _a109.ر ف
100 1 _aرافت غنيمى الشيخ
245 1 0 _aفلسفة التاريخ /
_cرافت غنيمى الشيخ
260 _a[S.N] :
_bدار الثقافة للنشر والتوزيع ،
_c1990
300 _a207
490 _a
650 0 4 _aالفلسفة
650 0 4 _aالتاريخ
650 0 4 _aالفلسفة العقلية
650 0 4 _aالفلسفة الحديثة
650 0 4 _aابن خلدون
650 0 4 _aالفلسفة الوجودية
942 _2ddc
_cBK
999 _c31202
_d31202